Представление документа в формате RUSMARC

ПолеНазваниеЗначение
  Тип записи a
  Библиографический уровень m
001 Контрольный номер 5bfb99ff26154622ac1fd10f297f6b52
005 Дата корректировки 20201206205148.5
010 Индекс ISBN __
a ISBN 978-5-353-08409-9 (в пер.)
d Цена 220-09
100 Данные общей обработки __
a Данные общей обработки 19181106d2017||||||| 0rusy0189 ca
101 Язык документа 0_
a Язык текста rus
102 Страна публикации __
a Страна публикации ru
102 Страна публикации __
a Страна публикации ru
105 Кодированные данные (монография) __
a Кодированные данные (монография) #||||||||||zy
200 Заглавие и сведения об ответственности 1_
a Заглавие Семь нот молчания
e Сведения, относящиеся к заглавию повесть
f Первые сведения об ответственности Екатерина Горбунова
b Общее обозначение материала Текст
210 Выходные данные __
a Место издания Москва
c Издательство Росмэн
d Дата издания 2017
215 Физическое описание __
a Объем 251, [2] с.
d Формат 21 см
225 Серия __
a Серия Серия "Линия души"
225 Серия __
a Серия #Linea_D
330 Аннотация __
a Аннотация Лиля учится в старших классах, профессионально занимается танцами и... молчит. Давняя семейная драма не дает ей нормально жить и общаться. Но все меняется с появлением нового соседа - молодого талантливого пианиста, который в аварии потерял зрение. Необычное знакомство дарит Глебу и Лиле надежду на новое будущее, полное смысла и любви. Но сумеют ли они сберечь возникшее между ними хрупкое чувство, вместе победить молчание и темноту?
333 Примечание о целевом назначении __
a Примечание о целевом назначении 12+. Для детей старше 12 лет
606 Тематические рубрики __
a Основная рубрика Художественная литература
606 Тематические рубрики __
a Основная рубрика Современная русская литература (произведения)
610 Ключевые слова __
a Ключевые слова повести
a Ключевые слова современная проза
a Ключевые слова тема взаимоотношений
a Ключевые слова тема любви
a Ключевые слова тема отношений
a Ключевые слова тема судьбы
a Ключевые слова тема счастья
a Ключевые слова тема чувств
610 Ключевые слова __
a Ключевые слова женская проза
686 Индексы других классификаций __
2 Код системы rubbks
a Классификационный индекс 84(2=411.2)6-4; ст84(2Рос=Рус)6-4
700 Автор _1
a Фамилия Горбунова
b Имя Е.
g Полное личное имя Екатерина
4 Код отношения 070
801 Источник записи _0
a Страна ru
b Организация Муниципальное бюджетное учреждение культуры "Централизованная библиотечная система" г. Сургут (Центральная городская библиотека им. А. С. Пушкина)
c Дата составления 20181106
g Правила каталогизации PSBO
801 Источник записи _1
a Страна ru
b Организация Муниципальное бюджетное учреждение культуры "Централизованная библиотечная система" г. Сургут (Центральная городская библиотека им. А. С. Пушкина)
c Дата составления 20181106
g Правила каталогизации PSBO
852 Данные о местонахождении __
j Шифр хранения 84(2=411.2)6-4
i Авторский знак Г 67
901 Тип документа __
t Тип документа m
a Ответственный ООФиК/Волкова
903 Характеристики (МАРС) __
a Дата передачи 20181106
990 Данные о заказе (DOS) __
j Количество экземпляров (DOS) 6
t N записи в КСУ для И/У (DOS) 201810